000 01608cam a2200493 i 4500
001 24442
003 KOSZ 005
005 20250610134333.0
008 250610s1994 pl f 001 0 pol
015 _aUWD 1994/10584
020 _a8385769463
035 _a991000716399705066
035 _a(PL-WaBN)b10231122-48omnis_nlop
035 _ab10231122
035 _a(OCoLC)749592987
035 _a(PL)b0000001023112
035 _a(EXLNZ-48OMNIS_NETWORK)9910521380305606
040 _aWA N
_cWA N
_dKOSZ 005/EG
_dKOSZ 005/RW
046 _k1994
080 _a004.49
100 1 _aDudek, Andrzej
_c(informatyk)
_eAutor
245 1 0 _aJak pisać wirusy /
_cAndrzej Dudek.
250 _aWydanie II poprawione.
260 _aWarszawa :
_b"Read Me",
_c1994.
300 _a[4], 283 strony ;
_c24 cm.
336 _aTekst
_btxt
_2rdacontent
337 _aBez urządzenia pośredniczącego
_bn
_2rdamedia
338 _aWolumin
_bnc
_2rdacarrier
380 _aKsiążki
380 _aPublikacje fachowe
388 1 _a1901-2000
388 1 _a1989-2000
504 _aBibliografia na stronie 263. Indeks.
510 _aBrak wydania 1.
650 7 _aDOS
_2DBN
650 7 _aSystemy operacyjne
_2DBN
650 7 _aWirusy komputerowe
_2DBN
655 7 _aOpracowanie
658 _aInformatyka i technologie informacyjne
710 2 _aOficyna Wydawnicza "Read Me", Włodzimierz Bińczyk
_4pbl
856 _uhttp://koha.tu.koszalin.pl/cgi-bin/koha/opac-detail.pl?biblionumber=24442
_yKatalog online BPK
942 _2UKD
_cKS
999 _c24442
_d24442